Účtovanie návratných cudzích zdrojov financovania v sústave podvojného účtovníctva v inej mene ako euro
Z hľadiska klasifikácie a účtovania návratných cudzích zdrojov v inej mene ako mene euro sa nič nemení oproti tomu, čo bolo uvedené v predchádzajúcich číslach časopisu o triedení a účtovaní návratných cudzích zdrojov financovania v mene euro až na to, že v prípade účtovania v cudzej mene vznikajú ni...
Guardado en:
| Autor principal: | |
|---|---|
| Formato: | Capítulo de libro |
| Lenguaje: | eslovaco |
| Materias: | |
| Etiquetas: |
Sin Etiquetas, Sea el primero en etiquetar este registro!
|
MARC
| LEADER | 00000naa a2200000 4500 | ||
|---|---|---|---|
| 001 | 0175694 | ||
| 005 | 20240502073011.0 | ||
| 041 | 0 | |a slo | |
| 044 | |a SK | ||
| 245 | 1 | 0 | |a Účtovanie návratných cudzích zdrojov financovania v sústave podvojného účtovníctva v inej mene ako euro |c Renáta Pakšiová |
| 520 | |a Z hľadiska klasifikácie a účtovania návratných cudzích zdrojov v inej mene ako mene euro sa nič nemení oproti tomu, čo bolo uvedené v predchádzajúcich číslach časopisu o triedení a účtovaní návratných cudzích zdrojov financovania v mene euro až na to, že v prípade účtovania v cudzej mene vznikajú niekedy kurzové rozdiely. Ilustračné príklady. | ||
| 610 | 2 | 0 | |a zdroje finančné cudzie |
| 610 | 2 | 0 | |a euro |
| 610 | 2 | 0 | |a mena |
| 610 | 2 | 0 | |a návratnosť devízová |
| 610 | 2 | 0 | |a účtovanie |
| 610 | 2 | 0 | |a účtovníctvo podvojné |
| 100 | 1 | |a Pakšiová, Renáta, 1974- | |